| 000 | 01890nam a2200349 c 4500 | ||
|---|---|---|---|
| 999 |
_c135943 _d135943 |
||
| 003 | BLK | ||
| 005 | 20220512165140.0 | ||
| 008 | 180409b bul|||||r ||||||| ||bul|| | ||
| 010 | _aKNG00141878000 | ||
| 040 | _aBLK | ||
| 041 |
_aBUL _cBUL |
||
| 080 |
_aТехника на военно-морския флот - Бази, бойни кораби (защита, въоръжение и др. ) _b623.8/.9 _x(091)(02.062) _z623.8/.9(091)(02.062) |
||
| 080 |
_aВоенноморски флот - Персонал и организация. Служби. Части, принадлежащи към военно-морския флот - морска пехота, морскаартилерия и въздушни сили;технически служби в морския флот;санитарна служба _b359 _x(091)(02.062) _z359(091)(02.062) |
||
| 100 | 1 |
_aБойчев, Илия Николов _eпърви автор _9325082 |
|
| 139 |
_aБойчев, Илия Николов _bБ 60 |
||
| 245 | 1 | 0 |
_aОт галерата до ракетоносеца _bНауч.-попул. очерк _cИлия Николов Бойчев. |
| 257 | _aBGR | ||
| 260 |
_bВоен. изд. _c1982 _aСофия |
||
| 300 |
_a187 с. _bс ил. _c21 см |
||
| 380 | _a62 | ||
| 490 |
_aВ света на военната техника _9203525 |
||
| 500 | _a5 330 тир. - Библиогр. с. 183. - Развитието на бойните кораби от античността до наши дни. | ||
| 650 | 4 |
_aКораби, военни _9271865 |
|
| 650 | 4 |
_aКорабоплаване - история _9304558 |
|
| 653 | _aкораби | ||
| 653 | _aистория | ||
| 852 |
_aЦб 118187 _bЦб |
||
| 856 | 4 | _qpdf | |
| 856 | 4 | _qpdf | |
| 942 |
_cKNG _n0 _s1 |
||
| 944 |
_aCR _c11.04.2013 _l11.04.2013 - от С1,Р / 11.04.2013 _kКети_Илиева |
||
| 944 |
_aED _c11.04.2013 _l11.04.2013 - от С1,Р / 11.04.2013 |
||
| 944 |
_aED _c2022-05-12 |
||
| 999 | _d135943 | ||